| 000 | 00000nam##2200000za#4500 |
| 001 | 9.570209 |
| 003 | CaOODSP |
| 005 | 20210624182131 |
| 007 | cr ||||||||||| |
| 008 | 150406|2002||||xxc|||||o f|0| 0 eng|d |
| 040 | |aCaOODSP|beng |
| 043 | |an-cn--- |
| 086 | 1 |aNH18-1-2/188-2002E-PDF |
| 110 | 2 |aCanada Mortgage and Housing Corporation. |
| 245 | 10|aMandatory home inspections on resale homes in Ontario / |h[electronic resource]|cby Terry A. Marshall. |
| 246 | 1 |iAdditional title (within publication) : |aAbout your house - hiring a home inspector |
| 260 | |aOttawa - Ontario : |bCanada Mortgage and Housing Corporation |cAugust 7, 2002. |
| 300 | |a97p.|bfigs., table, photographs |
| 490 | 1 |aResearch report |
| 500 | |aIncludes: "About your house - hiring a home inspector" and Research highlight (Technical series 00-131) under the title "Canadian home inspectors and building officials - national initiative". |
| 546 | |a(Abrégé et résumé en français.) |
| 590 | |a11-26-Supp|b2011-11-03 |
| 720 | 1 |aMarshall, Terry A. |
| 830 | #0|aResearch report (Canada Mortgage and Housing Corporation : Online)|w(CaOODSP)9.506068 |
| 856 | 40|ahttp://publications.gc.ca|qPDF|s1.82 MB|uhttps://publications.gc.ca/collections/collection_2011/schl-cmhc/nh18-1-2/NH18-1-2-188-2002-eng.pdf |